000 00510nam a2200181Ia 4500
005 20260429111920.0
008 260429s9999||||xx |||||||||||||| ||und||
020 _a9788198169709
041 _aEnglish
082 _a338.4791
_bSHE
100 _aSherlin, P.D.
245 0 _aTourism - exploring the world :
_ba perspective on types of tourism /
_cP.D. Sherlin
260 _aChennai :
_bNational Academic Press,
_c2025.
300 _avi, 273 p.; pbk
650 _a India
650 _aTourism
942 _cTB
999 _c51412
_d51412